MARC

LEADER 00000nam0a2200000 4500
001 302160
005 20231102001456.0
035 |a (RuTPU)RU\TPU\book\327357 
090 |a 302160 
100 |a 20150819d1982 km y0rusy50 ca 
101 0 |a rus 
102 |a RU 
105 |a a z 001zy 
200 1 |a Конечноавтоматные системы управления (принципы построения и анализ поведения)  |f В. В. Новорусский  |g Академия наук СССР (АН СССР), Сибирское отделение (СО), Сибирский энергетический институт им. Л. А. Мелентьева (СИЭ) ; под ред. А. Н. Панченкова 
210 |a Новосибирск  |c Наука  |d 1982 
215 |a 269 с.  |c ил. 
320 |a Библиогр.: с. 265-269 
606 1 |a Автоматика  |2 stltpush  |3 (RuTPU)RU\TPU\subj\749  |9 29560 
610 1 |a конечные автоматы 
610 1 |a системы управления 
610 1 |a построение 
610 1 |a анализ 
610 1 |a поведение 
610 1 |a автоматы-модели 
610 1 |a диагностика 
610 1 |a обратные конечные автоматы 
675 |a 681.51  |v 4 
700 1 |a Новорусский  |b В. В.  |g Валерий Владимирович 
702 1 |a Панченков  |b А. Н.  |4 340 
712 0 2 |a Академия наук СССР (АН СССР)  |b Сибирское отделение (СО)  |b Сибирский энергетический институт им. Л. А. Мелентьева (СИЭ)  |c (Иркутск)  |c (1960-1991)  |2 stltpush  |3 (RuTPU)RU\TPU\col\11908 
801 1 |a RU  |b 63413507  |c 20150819 
801 2 |a RU  |b 63413507  |c 20181003  |g RCR 
942 |c BK